Music Quiz

Random Music or Song Quiz

'Good Time' Lyrics Quiz Stats

 Plays Quiz Updated Feb 27, 2020

Support Sporcle.
Go Orange.
Score 0/201 Timer 07:00
2 Plays Today
% Correct
a
96.4%
a
96.4%
a
96.4%
a
96.4%
a
96.4%
a
96.4%
a
96.4%
a
96.4%
a
96.4%
a
96.4%
a
96.4%
a
96.4%
a
96.4%
good
95.2%
good
95.2%
good
95.2%
good
95.2%
Good
95.2%
good
95.2%
good
95.2%
good
95.2%
good
95.2%
good
95.2%
good
95.2%
good
95.2%
good
95.2%
good
95.2%
time
94.8%
time
94.8%
time
94.8%
time
94.8%
time
94.8%
time
94.8%
time
94.8%
time
94.8%
time
94.8%
time
94.8%
time
94.8%
time
94.8%
I
93.5%
I
93.5%
the
90.3%
the
90.3%
the
90.3%
the
90.3%
and
83.9%
to
80.5%
to
80.5%
to
80.5%
to
80.5%
to
80.5%
It's
79.2%
It's
79.2%
it's
79.2%
it's
79.2%
It's
79.2%
It's
79.2%
It's
79.2%
it's
79.2%
it's
79.2%
It's
79.2%
It's
79.2%
It's
79.2%
It's
79.2%
We
78.4%
We
78.4%
always
75%
% Correct
always
75%
always
75%
always
75%
always
75%
always
75%
always
75%
always
75%
always
75%
always
75%
always
75%
always
75%
be
74.6%
have
73.7%
have
73.7%
in
73.2%
in
73.2%
in
73.2%
on
68.9%
of
67.5%
of
67.5%
up
67%
up
67%
up
67%
up
67%
my
64.9%
my
64.9%
my
64.9%
my
64.9%
oh
64.2%
oh
64.2%
oh
64.2%
oh
64.2%
oh
64.2%
oh
64.2%
oh
64.2%
oh
64.2%
oh
64.2%
oh
64.2%
oh
64.2%
oh
64.2%
oh
64.2%
oh
64.2%
oh
64.2%
oh
64.2%
don't
62.4%
don't
62.4%
if
61.5%
if
61.5%
if
61.5%
at
59.4%
get
59.2%
get
59.2%
get
59.2%
night
57.9%
down
57.9%
down
57.9%
down
57.9%
down
57.9%
down
57.9%
down
57.9%
even
57.8%
even
57.8%
you're
57.3%
you're
57.3%
you're
57.3%
try
56.8%
try
56.8%
% Correct
right
55.2%
tonight
54.4%
tonight
54.4%
tonight
54.4%
Woah
54.2%
Woah
54.2%
Woah
54.2%
Woah
54.2%
Woah
54.2%
with
54.2%
side
54%
this
54%
me
53.8%
gonna
53.8%
Woke
53.5%
bed
52.7%
morning
51.5%
head?
51%
wake
49.8%
song
47.7%
'Cause
47.5%
'Cause
47.5%
'Cause
47.5%
twilight
46.8%
What's
46.3%
inside
46.2%
alright
45.3%
all
44.5%
I'm
44.3%
when
44.2%
when
44.2%
out
42.5%
out
42.5%
out
42.5%
Prince
41.4%
like
39.9%
Hands
39.7%
ATM
39.5%
where
37.5%
again
37.3%
take
36.7%
pool
36.3%
phone
35.6%
hit
34.1%
care
33.4%
didn't
33.4%
then
33.2%
then
33.2%
anywhere
33.2%
dropped
32.7%
there
32.2%
cab
32.1%
clothes
32%
room
31.3%
into
31.1%
Slept
31%
Let's
30.5%
Doesn't
29%
Doesn't
29%
Doesn't
29%
matter
28.5%
matter
28.5%
matter
28.5%
Hopped
28.3%
Checked
27.9%
hang
26%
Freaked
22.6%

From the Vault

Country Beginnings Hunt

by skuban

Don't let any country hide its true identity!
Remove Ads.
Support Sporcle.
Get the best of Sporcle when you Go Orange. This ad-free experience offers more features, more stats, and more fun while also helping to support Sporcle. Thank you for becoming a member.

Show Comments

Extras

Top Quizzes Today


Score Distribution

Your Account Isn't Verified!

In order to create a playlist on Sporcle, you need to verify the email address you used during registration. Go to your Sporcle Settings to finish the process.

Report this User

Report this user for behavior that violates our Community Guidelines.

Details: